ბათუმის შოთა რუსთაველის სახელმწიფო უნივერსიტეტის ბიბლიოთეკა

ინფორმაციული ტექნოლოგიები (სპეციალური კურსი) (ბიბ.ჩანაწერი № 35787)

000 -LEADER
fixed length control field 00713nam a2200217Ia 4500
001 - CONTROL NUMBER
control field 1670
003 - CONTROL NUMBER IDENTIFIER
control field GE_BSU
008 - FIXED-LENGTH DATA ELEMENTS--GENERAL INFORMATION
fixed length control field 181216s||||||||xx |||||||||||||| ||und||
020 ## - INTERNATIONAL STANDARD BOOK NUMBER
International Standard Book Number 96789941417863
040 ## - CATALOGING SOURCE
Transcribing agency GE_BSU
080 ## - UNIVERSAL DECIMAL CLASSIFICATION NUMBER
Universal Decimal Classification number 004.9
100 ## - MAIN ENTRY--PERSONAL NAME
Personal name ხურცია, ზურაბ
245 ## - TITLE STATEMENT
Title ინფორმაციული ტექნოლოგიები (სპეციალური კურსი)
260 ## - PUBLICATION, DISTRIBUTION, ETC.
Place of publication, distribution, etc. ქუთაისი
260 ## - PUBLICATION, DISTRIBUTION, ETC.
Name of publisher, distributor, etc. აკ. წერეთლი სახ. უნ–ტი
260 ## - PUBLICATION, DISTRIBUTION, ETC.
Date of publication, distribution, etc. 2011
300 ## - PHYSICAL DESCRIPTION
Extent 278 გვ. 20 ლ.
653 ## - INDEX TERM--UNCONTROLLED
Uncontrolled term ინფორმაციული ტექნოლოგიები
942 ## - ADDED ENTRY ELEMENTS (KOHA)
Koha item type წიგნი
ეგზემპლარები
Withdrawn status Lost status Damaged status Not for loan Date acquired Barcode Date last seen Price effective from Koha item type Public note
        2018-12-17 3197 2018-12-17 2018-12-17 წიგნი დარბაზი